000
00291 a2200145 4500
001
155934
040
_c
Escola São Tomás de Aquino
100
_a
RIOS, Eloci Peres
240
1
0
_a
Água
_l
por
245
1
0
_a
Água
300
_a
47
362
0
_a
2004
697
_a
CIÊNCIAS
942
_c
BK
999
_c
155934
_d
155934